| 000 | 00433nam a2200181Ia 4500 | ||
|---|---|---|---|
| 001 | 8307 | ||
| 005 | 20260306160559.0 | ||
| 008 | 260306t2006||||xx |||||||||||||| ||spa|| | ||
| 041 | _aESP | ||
| 082 |
_a370.153 _bF64 |
||
| 100 |
_aFlores Ramos, Estela _eAUT |
||
| 245 | 0 | _aLa resolución de conflictos en el aula | |
| 260 | _c2006 | ||
| 300 |
_a191 pƔginas : _ccm. |
||
| 650 | _aGEN | ||
| 654 | _aCED | ||
| 942 |
_cLIB _dJUS _fJUS _2ddc _n |
||
| 999 |
_c8307 _d8307 |
||